| 000 | 00513nam a22001817a 4500 | ||
|---|---|---|---|
| 008 | 180703b xxu||||| |||| 00| j tur d | ||
| 020 | _a975494752X | ||
| 041 | _atur | ||
| 050 | _aPL248.E689 | ||
| 100 |
_9340 _aAhmet Erhan |
||
| 245 | _aKöpek Yılları : Öyküler | ||
| 250 | _a1.Basım | ||
| 260 |
_aAnkara _bBilgi Yayınları _cTemmuz 1998 |
||
| 300 | _a154 Sayfa | ||
| 500 | _aBilgi Yayınları / Yeni Dizi : 46 Ahmet Erhan : 9 | ||
| 650 | 0 |
_9145 _aTürk Edebiyatı |
|
| 942 |
_2lcc _cBK |
||
| 999 |
_c2269 _d2229 |
||